| 000 | 00493nam a2200205Ia 4500 | ||
|---|---|---|---|
| 003 | OSt | ||
| 005 | 20251024110820.0 | ||
| 008 | ASM | ||
| 037 | _cTB | ||
| 040 |
_aAL _cAL _bASM |
||
| 041 |
_2ASM _aASM |
||
| 084 |
_a4xN39x 158N1 _bAL |
||
| 100 |
_aGohain _9849429 |
||
| 245 | 0 | _aSwadhinatar sapon aru dithak | |
| 260 | _c1991. | ||
| 300 | _a194p. | ||
| 650 |
_aJOUNRALISM _93876 |
||
| 942 |
_h4xN39x, 158N1 _cTB _2cc _n0 |
||
| 999 |
_c1061546 _d1061546 |
||